Sports Quiz

Random Sports or NHL Quiz

Progressively Harder Sports Logos (Slideshow) Quiz Stats

Quiz not verified by Sporcle

Also try: Sports Logos
Challenge
Share
Tweet
Score 0/27 Timer 06:00
0 Plays Today
% Correct
???
100%
???
99%
???
96.4%
???
92.5%
???
91.4%
???
88.9%
???
88.4%
???
87.3%
???
86.5%
???
86%
???
84.8%
???
82.7%
???
81.8%
???
80.3%
% Correct
???
79%
???
77.9%
???
76.8%
???
76.2%
???
74%
???
73.3%
???
73.1%
???
58.2%
???
46.9%
???
37.1%
???
35.9%
???
31.3%
???
27.3%

You're not logged in!

Compare scores with friends on all Sporcle quizzes.
Sign Up with Email
OR
Log In

You Might Also Like...

Show Comments

Extras

Top Quizzes Today


Score Distribution

Your Account Isn't Verified!

In order to create a playlist on Sporcle, you need to verify the email address you used during registration. Go to your Sporcle Settings to finish the process.